Stroke : the facts /

Bibliographic Details
Main Author: Rose, F. Clifford (Frank Clifford)
Other Authors: Capildeo, Rudy
Format: Book
Language:English
Published: Oxford [Oxfordshire] ; New York : Oxford University Press, 1981.
Series:Oxford medical publications.
Subjects:

MARC

Tag First Indicator Second Indicator Subfields
LEADER 00000cam a2200000 a 4500
001 in00000088400
005 20151008063202.0
008 820804s1981 enkaf 00110 eng
010 |a  81175330  
015 |a GB*** 
020 |a 0192611704 
035 |a (OCoLC)07688589 
035 |9 AAK1747AM 
039 0 |a 2  |b 3  |c 3  |d 3  |e 3 
040 |a DLC  |c DLC  |d TXA  |d UtOrBLW 
049 |a TXAM  |c [1673632] 
050 0 0 |a RC388.5  |b  R68 
082 0 |a 616.8/1  |2 19 
100 1 |a Rose, F. Clifford  |q (Frank Clifford) 
245 1 0 |a Stroke :  |b the facts /  |c by F. Clifford Rose and Rudy Capildeo ; with a foreword by Peter Medawar. 
264 1 |a Oxford [Oxfordshire] ;  |a New York :  |b Oxford University Press,  |c 1981. 
300 |a 143 pages, 8 unnumbered pages of plates :  |b illustrations ;  |c 23 cm. 
336 |a text  |b txt  |2 rdacontent 
337 |a unmediated  |b n  |2 rdamedia 
338 |a volume  |b nc  |2 rdacarrier 
490 1 |a Oxford medical publications 
500 |a Includes index. 
650 0 |a Cerebrovascular disease. 
700 1 |a Capildeo, Rudy. 
830 0 |a Oxford medical publications. 
999 |a MARS 
999 f f |s 3e5b99c1-94a6-3179-b6dc-73b121da05b2  |i c134b88a-1896-38aa-a4fe-0d155dae2ae4  |t 0 
952 f f |p ric  |a Texas A&M University  |b Rellis Campus  |c Joint Library Facility  |d Remote Storage  |t 0  |e RC388.5 R68  |h Library of Congress classification  |i unmediated -- volume  |m A14805984913 
998 f f |a RC388.5 R68  |t 0  |l Remote Storage